Central Library OPAC University of Rajshahi

The history of the popes, from the close of the middle ages / (Record no. 31393)

MARC details
000 -LEADER
fixed length control field 00868nam a2200277 a 4500
001 - CONTROL NUMBER
control field 31393
003 - CONTROL NUMBER IDENTIFIER
rucl marc code BD-RjUL
005 - DATE AND TIME OF LATEST TRANSACTION
control field 20211209051709.0
008 - FIXED-LENGTH DATA ELEMENTS--GENERAL INFORMATION
fixed length control field 140415s1950 enk 001 0 eng d
035 ## - SYSTEM CONTROL NUMBER
System control number (BD-RjUL) 31480
040 ## - CATALOGING SOURCE
Original cataloging agency DLC
Transcribing agency CarP
Modifying agency DLC
-- BD-RjUL
Language of cataloging eng
041 ## - LANGUAGE CODE
Language code of text/sound track or separate title eng
082 ## - DEWEY DECIMAL CLASSIFICATION NUMBER
Classification number 270
Author mark and year PAH V-9 1950
100 1# - MAIN ENTRY--PERSONAL NAME
Personal name Pastor, Ludwig,
Dates associated with a name 1854-1928. [from old catalog]
9 (RLIN) 94339
245 04 - TITLE STATEMENT
Title The history of the popes, from the close of the middle ages /
Statement of responsibility, etc. Ludwig, Pastor
Number of part/section of a work Volume IX
250 ## - EDITION STATEMENT
Edition statement 4th ed
260 ## - PUBLICATION, DISTRIBUTION, ETC. (IMPRINT)
Place of publication, distribution, etc. London :
Name of publisher, distributor, etc. Routledge & Kegan Paul,
Date of publication, distribution, etc. 1950.
300 ## - PHYSICAL DESCRIPTION
Pagination xxviii,524 p. ;
Size 23 cm.
504 ## - BIBLIOGRAPHY, ETC. NOTE
Bibliography, etc Includes Index
610 ## - SUBJECT ADDED ENTRY--CORPORATE NAME
Corporate name or jurisdiction name as entry element Catholic Church -- History.
650 #0 - SUBJECT ADDED ENTRY--TOPICAL TERM
Topical term or geographic name as entry element Papacy
General subdivision History.
9 (RLIN) 95531
700 1# - ADDED ENTRY--PERSONAL NAME
Personal name Kerr, Ralph Francis
942 ## - ADDED ENTRY ELEMENTS (KOHA)
Source of classification or shelving scheme Dewey Decimal Classification
Koha item type Books
Holdings
Lost status Source of classification or shelving scheme Damaged status Not for loan Collection code Permanent Location Current Location Shelving location Date acquired Source of acquisition Cost, normal purchase price Total Checkouts Full call number Date last seen Copy number Koha item type
  Dewey Decimal Classification   Not For Loan Non-fiction Central Library, University of Rajshahi Central Library, University of Rajshahi Reading Room 08/03/1955 SIMPKIN MARSHAL 185.00   270 PAH V-9 1950 15/04/2014 C-1 Books